| 000 | 00468nam a22001697a 4500 | ||
|---|---|---|---|
| 003 | OSt | ||
| 005 | 20220107122853.0 | ||
| 008 | 190716b xxu||||| |||| 00| 0 eng d | ||
| 020 | _a9781773613512 | ||
| 040 | _cIIITMK | ||
| 082 | _a363.25968 WAD/D | ||
| 100 |
_aWade, Anne _916213 |
||
| 245 |
_aDigital forensics and investigation: _bFrom data to digital evidence _cAnne Wade |
||
| 260 |
_aCanada, _bSociety Publishing, _c2019. |
||
| 300 | _axix, 266p. | ||
| 942 |
_2ddc _cBK |
||
| 999 |
_c6578 _d6578 |
||